000 00258nam a2200109Ia 4500
008 200302s9999 xx 000 0 und d
100 _aTerence Riley
245 _aLight Construction
260 _bThe Museum of Modern Art.
260 _c1995
300 _a163 P.,
999 _c1004
_d1004